Statystyki dla Najdroższe drużyny piłkarskie na świecie!

Kliknij tutaj aby rozwiązać quiz!

Ogólne statystyki

  • Ten quiz został rozwiązany 4 209 razy
  • Średni wynik to 8 z 10

Statystyki odpowiedzi

WartośćAnswer% Poprawnych
965,30 Mill. €Real Madryt
99%
1,18 Bill. €Barcelona
93%
1,14 Bil. €Manchester City
93%
796,00 Mill. €Manchester United
91%
927,65 Mill. €PSG
90%
782,50 Mill. €Juventus
88%
950,50 Mill. €Liverpool
85%
885,75 Mill. €Chelsea
82%
835,50 Mill. €Tottenham
61%
955,00 Mill. €Atl.Madryt
6%

Rozkład punktacji

Percentyl według liczby udzielonych odpowiedzi

Procent ludzi z każdym wynikiem

Twoja historia wyników

Nie rozwiązałeś tego quizu